Rzymskie monety - Statystyki

Ogólne statystyki
  • Ten quiz został rozwiązany 13 razy
  • Średni wynik to 15 z 19
Statystyki odpowiedzi
Obrazkowy Hint Odpowiedź % Poprawnych
Dynastia Antoninów Marek Aureliusz
100%
Dynastia Flawiuszów Domicjan
86%
Dynastia Antoninów Hadrian
86%
Dynastia Sewerów Karakalla
86%
Dynastia Julijsko Klaudyjska Klaudiusz
86%
Dynastia Antoninów Kommodus
86%
Dynastia Julijsko Klaudyjska Neron
86%
Dynastia Antoninów Nerwa
86%
Dynastia Julijsko Klaudyjska Oktawian August
86%
Dynastia Sewerów Septymiusz Sewer
86%
Dynastia Flawiuszów Tytus
86%
Dynastia Antoninów Antoninus Pius
71%
Dynastia Sewerów Geta
71%
Dynastia Sewerów Heliogabal
71%
Dynastia Julijsko Klaudyjska Kaligula
71%
Dynastia Antoninów Trajan
71%
Dynastia Julijsko Klaudyjska Tyberiusz
71%
Dynastia Flawiuszów Wespazjan
71%
Dynastia Antoninów Lucjusz Werus
57%
Nie znaleziono quizów pasujących do podanych kryteriów
Rozkład punktacji
Procent ludzi z każdym wynikiem
Percentyl według liczby udzielonych odpowiedzi
Twoja historia wyników
Nie rozwiązałeś tego quizu